From tadpole to frog / (Record no. 3583)
[ view plain ]
| 000 -LEADER | |
|---|---|
| fixed length control field | 01015cam a2200301 a 4500 |
| 005 - DATE AND TIME OF LATEST TRANSACTION | |
| control field | 20241209083958.0 |
| 020 ## - INTERNATIONAL STANDARD BOOK NUMBER | |
| International Standard Book Number | 9780545273374 |
| 040 ## - CATALOGING SOURCE | |
| Original cataloging agency | IMF |
| Transcribing agency | IMF |
| Modifying agency | OCLCQ |
| -- | SPP |
| -- | DLC |
| Language of cataloging | eng |
| 050 00 - LIBRARY OF CONGRESS CALL NUMBER | |
| Classification number | QL668.E2 |
| 082 ## - DEWEY DECIMAL CLASSIFICATION NUMBER | |
| Classification number | 597.8 |
| 100 1# - MAIN ENTRY--PERSONAL NAME | |
| Personal name | Zoehfeld, Kathleen Weidner |
| 245 10 - TITLE STATEMENT | |
| Title | From tadpole to frog / |
| Statement of responsibility, etc. | by Kathleen Weidner Zoehfeld ; photographs by Dwight Kuhn |
| 250 ## - EDITION STATEMENT | |
| Edition statement | This edition first printing, January 2011 |
| 260 ## - PUBLICATION, DISTRIBUTION, ETC. | |
| Place of publication, distribution, etc. | New York : |
| Name of publisher, distributor, etc. | Scholastic , |
| Date of publication, distribution, etc. | 2001 |
| 300 ## - PHYSICAL DESCRIPTION | |
| Extent | 32 pages : |
| Other physical details | color illustrations ; |
| Dimensions | 24 cm. |
| 490 1# - SERIES STATEMENT | |
| Series statement | Scholastic science readers |
| Volume/sequential designation | level 1 |
| 505 ## - FORMATTED CONTENTS NOTE | |
| Formatted contents note | M <br/> |
| 520 ## - SUMMARY, ETC. | |
| Summary, etc. | Text and photographs show a tadpole from a tiny dark speck in a frog egg to a full grown frog. |
| 521 0# - TARGET AUDIENCE NOTE | |
| Target audience note | 530 <br/> |
| Source | Raz-Plus <br/> |
| 521 0# - TARGET AUDIENCE NOTE | |
| Target audience note | M <br/> |
| Source | Raz-Plus <br/> |
| 650 #0 - SUBJECT ADDED ENTRY--TOPICAL TERM | |
| Topical term or geographic name entry element | Frogs |
| General subdivision | Life cycles |
| Form subdivision | Juvenile literature |
| 650 #1 - SUBJECT ADDED ENTRY--TOPICAL TERM | |
| Topical term or geographic name entry element | Frogs |
| 650 #1 - SUBJECT ADDED ENTRY--TOPICAL TERM | |
| Topical term or geographic name entry element | Tadpoles |
| 700 1# - ADDED ENTRY--PERSONAL NAME | |
| Personal name | Kuhn, Dwight |
| Relator term | illustrator |
| 906 ## - LOCAL DATA ELEMENT F, LDF (RLIN) | |
| a | 7 |
| b | ibc |
| c | copycat |
| d | 3 |
| e | ncip |
| f | 20 |
| g | y-gencatlg |
| 942 ## - ADDED ENTRY ELEMENTS (KOHA) | |
| Source of classification or shelving scheme | Dewey Decimal Classification |
| Koha item type | Books |
| Suppress in OPAC | No |
| 999 ## - | |
| -- | 3583 |
| -- | 3583 |
| Withdrawn status | Lost status | Source of classification or shelving scheme | Damaged status | Not for loan | Collection | Home library | Current library | Shelving location | Date acquired | Total Checkouts | Full call number | Barcode | Date last seen | Price effective from | Koha item type | Date last checked out | Copy number |
|---|---|---|---|---|---|---|---|---|---|---|---|---|---|---|---|---|---|
| Dewey Decimal Classification | Non-Fiction | Footprints International School Library Network Toul Kork Campus | Footprints International School Library Network Toul Kork Campus | 03/21/2024 | ZOE 597.8 QL668.E2 | FISBK02624 | 03/21/2024 | 03/21/2024 | Books | ||||||||
| Dewey Decimal Classification | Non-Fiction | Footprints International School Library Network Toul Kork Campus | Footprints International School Library Network Toul Kork Campus | TK Primary Library Room(4th Floor), Bookcase 3&4, Shelves 17-32, Yellow Books | 12/09/2024 | 1 | ZOE 597.8 QL668.E2 | 2024-2419 | 03/13/2025 | 12/09/2024 | Books | 12/20/2024 | 2 |
